How to make and set nets or the technology of netting

保存先:
書誌詳細
第一著者: John Garner
フォーマット: 図書
言語:Undetermined
出版事項: Surrey, Eng Fishing News Books 1962
主題:
タグ: タグ追加
タグなし, このレコードへの初めてのタグを付けませんか!
Thư viện lưu trữ: Trung tâm Học liệu Trường Đại học Cần Thơ
LEADER 00491nam a2200181Ia 4500
001 CTU_58197
008 210402s9999 xx 000 0 und d
082 |a 639.22028 
082 |b G234 
100 |a John Garner 
245 0 |a How to make and set nets or the technology of netting 
245 0 |c John Garner 
260 |a Surrey, Eng 
260 |b Fishing News Books 
260 |c 1962 
650 |a fishing nets 
904 |i Minh 
980 |a Trung tâm Học liệu Trường Đại học Cần Thơ